00193nam a2200073Ia 4500008004100000100002300041245004600064260000900110120527s9999 xx 000 0 und d aUNIVERSITY OF NIG. aUniversity of Nigeria 2001-2004 calendar bU. N